00718nam a2200193 i 450000100060000000300090000600500170001500700030003200800410003510000180007624501750009426000440026930000300031350000970034365100250044070000200046570000180048585200210050394648ES-MaACL20230906181527.0t|050511s1931 fr ||||1| fre d1 aLote, René.14aLes visages de l'Allemagne à travers la géographie et l'histoireb: paysages, villes, arts, civilisation / cRené Lote ; dessins de Marthe Rouyer et de Roger Ramus. aGrenoble : bDidier & Richard, c[1931] a147 p. : bil. ; c25 cm. aExtrait des Annales de l'Université de Grenoble, Section lettres-droit, 2e trimestre 1931. 4aAlemania-zHistoria.1 aRouyer, Marthe.1 aRamus, Roger. aES-MaACLjA-2173